| 000 | 00755nam a2200229 a 4500 | ||
|---|---|---|---|
| 999 |
_c699 _d699 |
||
| 001 | 699 | ||
| 003 | BD-JhCC | ||
| 005 | 20171008205812.0 | ||
| 008 | 171008s2012 bg |||| ||a| 00| 0 ben d | ||
| 020 | _a9847020000679 | ||
| 035 | _a(BD-JhCC)699 | ||
| 040 |
_aBD-JhCC _dBD-JhCC |
||
| 041 | _aben | ||
| 082 |
_a954.9205 _bISL 2012 |
||
| 100 | _aইসলাম, মোহাম্মদ সিরাজুল | ||
| 245 |
_aবাংলাদে একাত্তরের মুক্তিষুদ্ধ / _cমোহাম্মদ সিরাজুল ইসলাম |
||
| 260 |
_aঢাকা : _bহাতেখড়ি _c2012 |
||
| 300 |
_a672 p. : _bill; _c22 cm. |
||
| 650 |
_aLieration war-1971 _xHistory |
||
| 942 |
_2ddc _cBK |
||